Turbulence and new Directions in Global Political Economical (Record no. 8894)
[ view plain ]
| 000 -LEADER | |
|---|---|
| fixed length control field | 00589nam a22001937a 4500 |
| 003 - CONTROL NUMBER IDENTIFIER | |
| control field | OSt |
| 005 - DATE AND TIME OF LATEST TRANSACTION | |
| control field | 20240626111247.0 |
| 008 - FIXED-LENGTH DATA ELEMENTS--GENERAL INFORMATION | |
| fixed length control field | 240626b |||||||| |||| 00| 0 eng d |
| 020 ## - INTERNATIONAL STANDARD BOOK NUMBER | |
| International Standard Book Number | 1-4039-0362-x |
| 040 ## - CATALOGING SOURCE | |
| Transcribing agency | MUST |
| 082 ## - DEWEY DECIMAL CLASSIFICATION NUMBER | |
| Classification number | 337 TUR 2003 |
| 100 ## - MAIN ENTRY--PERSONAL NAME | |
| Personal name | Busumtwi-Sam k, James |
| 9 (RLIN) | 17986 |
| 245 ## - TITLE STATEMENT | |
| Title | Turbulence and new Directions in Global Political Economical |
| Statement of responsibility, etc. | Edited byjames Busumtwi-Sam and Laurent Dobuzinskis |
| 300 ## - PHYSICAL DESCRIPTION | |
| Extent | xiv,234p; |
| Dimensions | 22cm |
| 440 ## - SERIES STATEMENT/ADDED ENTRY--TITLE | |
| Title | International political Economy |
| 9 (RLIN) | 17987 |
| 504 ## - BIBLIOGRAPHY, ETC. NOTE | |
| Bibliography, etc | indexes included |
| 650 ## - SUBJECT ADDED ENTRY--TOPICAL TERM | |
| Source of heading or term | political Economy |
| 942 ## - ADDED ENTRY ELEMENTS (KOHA) | |
| Source of classification or shelving scheme | Dewey Decimal Classification |
| Koha item type | Open Shelf |
No items available.
